000 00952cam a2200265 a 4500
001 BD-DhSAU 6024
003 BD-DhSAU
005 20150501121845.0
008 860807s1986 coua b 001 0 eng
020 _a081337300X
040 _aBD-DhSAU
082 0 0 _a333.73
_222
_bWAT
245 0 0 _aWatershed resources management :
_ban integrated framework with studies from Asia and the Pacific /
_cedited by K. William Easter, John A. Dixon, Maynard M. Hufschmidt.
260 _aBoulder :
_bWestview Press,
_c1986.
300 _axx, 236 p. :
_bill. ;
_c23 cm.
440 0 _aStudies in water policy and management ;
_vno. 10
504 _aIncludes bibliographies and index.
590 _aIMRAN
650 0 _aWatershed management.
650 0 _aWatershed management
_zAsia
_xCase studies.
650 0 _aWatershed management
_zPacific Area
_xCase studies.
700 1 _aEaster, K. William.
700 1 _aDixon, John A.,
700 1 _aHufschmidt, Maynard M.
942 _2ddc
_cBOOK
999 _c6024
_d6024